| 000 | 01170nam a22002537a 4500 | ||
|---|---|---|---|
| 005 | 20170124103127.0 | ||
| 010 | _a702239 | ||
| 020 | _c12.00 | ||
| 035 | _a702239 | ||
| 037 | _bCen Lib/Ret | ||
| 040 |
_aDPL _bHN |
||
| 082 |
_a821 _bदेविष्णु |
||
| 100 |
_aदेविष्णु _983559 |
||
| 245 |
_aस्म्रति सत्ता भविष्यत् तथा अन्य श्रेष्ठ कवितायेँ / _cविष्णु दे |
||
| 246 |
_aSmerti satta bhavihsyat tatha any shreshth kavitayen _bby Vishnu De |
||
| 260 |
_aवाराणसी _bभारतीय ज्ञानपीठ प्रकाशन _c1972 |
||
| 270 |
_aवाराणसी _bवाराणसी _e02 |
||
| 300 |
_a235पृष्ठ. : _c20सेमी(सजिल्द) _bचित्र. |
||
| 650 |
_aहिंदी साहित्य _983560 |
||
| 650 |
_aविष्णु दे - उनका काव्य रचना _983561 |
||
| 650 |
_ahindi Literature _983562 |
||
| 650 |
_aGive Vishnu - his poetic composition _983563 |
||
| 942 |
_2ddc _cHN _h821 _mदेविष्णु |
||
| 999 |
_c119144 _d119144 |
||